The brain and the meaning of life / (Record no. 22318)
[ view plain ]
| 000 -LEADER | |
|---|---|
| fixed length control field | 00942nam a2200217 a 4500 |
| 003 - CONTROL NUMBER IDENTIFIER | |
| control field | PILC |
| 005 - DATE AND TIME OF LATEST TRANSACTION | |
| control field | 20160130101706.0 |
| 008 - FIXED-LENGTH DATA ELEMENTS--GENERAL INFORMATION | |
| fixed length control field | 121116s19uu xx 00 eng d |
| 020 ## - INTERNATIONAL STANDARD BOOK NUMBER | |
| International Standard Book Number | 9780691142722 |
| 050 ## - LIBRARY OF CONGRESS CALL NUMBER | |
| Classification number | BD 431 |
| Item number | .T28 2010 |
| 100 ## - MAIN ENTRY--PERSONAL NAME | |
| Personal name | Thagard, Paul. |
| 245 ## - TITLE STATEMENT | |
| Title | The brain and the meaning of life / |
| Statement of responsibility, etc | Paul Thagard. |
| 260 ## - PUBLICATION, DISTRIBUTION, ETC. (IMPRINT) | |
| Place of publication, distribution, etc | Princeton, N.J : |
| Name of publisher, distributor, etc | Princeton University Press, |
| Date of publication, distribution, etc | 2010. |
| 300 ## - PHYSICAL DESCRIPTION | |
| Extent | xiii, 274 pages : |
| Other physical details | illustrations ; |
| Dimensions | 24 cm. |
| 500 ## - GENERAL NOTE | |
| General note | Includes bibliographical references and index. |
| 520 ## - SUMMARY, ETC. | |
| Summary, etc | Answers some of the most pressing questions about life's nature and value. This title argues that evidence requires the abandonment of many traditional ideas about the soul, free will, and immortality, and shows how brain science matters for fundamental issues about reality, morality, and the meaning of life |
| 650 ## - SUBJECT ADDED ENTRY--TOPICAL TERM | |
| Topical term or geographic name as entry element | Life. |
| 650 ## - SUBJECT ADDED ENTRY--TOPICAL TERM | |
| Topical term or geographic name as entry element | Cognitive science. |
| 942 ## - ADDED ENTRY ELEMENTS (KOHA) | |
| Koha item type | Books |
| Source of classification or shelving scheme | Library of Congress Classification |
| Call number prefix | Foreign |
| Withdrawn status | Lost status | Source of classification or shelving scheme | Damaged status | Home library | Current library | Shelving location | Date acquired | Source of acquisition | Cost, normal purchase price | Total Checkouts | Full call number | Barcode | Date last seen | Date checked out | Copy number | Price effective from | Koha item type |
|---|---|---|---|---|---|---|---|---|---|---|---|---|---|---|---|---|---|
| Library of Congress Classification | College Library | College Library | General Circulation Section | 11/16/2012 | Library Fund | 1917.00 | 4 | BD 431 .T28 2010 | C16232 | 11/06/2018 | 10/04/2018 | 1 | 10/10/2013 | Books |